[Event "World Chess Olympiad 2018"]
[Site "Batumi"]
[Date "2018.10.04"]
[Round "10"]
[Board "2"]
[WhiteFideId "6201610"]
[White "Kulpruethanon Thanadon"]
[BlackFideId "22000100"]
[Black "Salim Al Maashani Amer Said"]
[Result "1-0"]
[LiveChessVersion "1.4.8"]
[BlackElo "2038"]
[WhiteElo "2291"]

1. Nf3 {[%clk 1:30:57]} Nf6 {[%clk 1:30:51]} 2. g3 {[%clk 1:31:19]} b6
{[%clk 1:31:16]} 3. Bg2 {[%clk 1:31:41]} Bb7 {[%clk 1:31:42]} 4. O-O
{[%clk 1:32:01]} e6 {[%clk 1:31:53]} 5. c4 {[%clk 1:32:24]} Be7 {[%clk 1:31:24]}
6. d4 {[%clk 1:32:37]} O-O {[%clk 1:31:40]} 7. d5 {[%clk 1:32:53]} exd5
{[%clk 1:27:42]} 8. Nh4 {[%clk 1:33:11]} c6 {[%clk 1:27:39]} 9. cxd5
{[%clk 1:33:21]} Nxd5 {[%clk 1:23:43]} 10. Nf5 {[%clk 1:33:41]} Nc7
{[%clk 1:18:18]} 11. e4 {[%clk 1:32:41]} d5 {[%clk 1:16:08]} 12. Nc3
{[%clk 1:32:11]} Nba6 {[%clk 1:01:31]} 13. Re1 {[%clk 1:15:56]} d4
{[%clk 0:45:18]} 14. Nxd4 {[%clk 1:14:26]} Nc5 {[%clk 0:39:02]} 15. Nf5
{[%clk 1:10:43]} N7e6 {[%clk 0:25:30]} 16. Qg4 {[%clk 1:08:58]} Kh8
{[%clk 0:24:28]} 17. Rd1 {[%clk 1:00:05]} Qe8 {[%clk 0:24:14]} 18. Bf4
{[%clk 0:59:42]} Nd7 {[%clk 0:21:16]} 19. Nxg7 {[%clk 0:48:28]} Nf6
{[%clk 0:19:14]} 20. Qxe6 {[%clk 0:46:48]} fxe6 {[%clk 0:17:23]} 21. Nxe8
{[%clk 0:47:12]} Raxe8 {[%clk 0:16:44]} 22. Bh3 {[%clk 0:35:55]} Bc5
{[%clk 0:11:39]} 23. Bd6 {[%clk 0:31:30]} Bxd6 {[%clk 0:08:49]} 24. Rxd6
{[%clk 0:31:51]} e5 {[%clk 0:08:09]} 25. Rad1 {[%clk 0:30:59]} Kg7
{[%clk 0:06:31]} 26. Bf5 {[%clk 0:24:32]} Re7 {[%clk 0:05:06]} 27. f3
{[%clk 0:22:22]} Ne8 {[%clk 0:04:13]} 28. Rd7 {[%clk 0:21:40]} Rxd7
{[%clk 0:03:48]} 29. Rxd7+ {[%clk 0:21:55]} Rf7 {[%clk 0:04:12]} 30. Rxf7+
{[%clk 0:22:05]} Kxf7 {[%clk 0:04:41]} 31. Bxh7 {[%clk 0:22:21]} Nd6
{[%clk 0:04:34]} 32. b3 {[%clk 0:21:07]} Bc8 {[%clk 0:04:22]} 33. g4
{[%clk 0:21:11]} a5 {[%clk 0:02:57]} 34. Kf2 {[%clk 0:17:39]} b5 {[%clk 0:02:29]}
35. Ke3 {[%clk 0:17:19]} a4 {[%clk 0:02:11]} 36. Bf5 {[%clk 0:16:56]} Nxf5+
{[%clk 0:00:37]} 37. exf5 {[%clk 0:16:16]} a3 {[%clk 0:00:35]} 38. Ne4
{[%clk 0:15:11]} Bd7 {[%clk 0:00:37]} 39. Kd3 {[%clk 0:14:35]} c5
{[%clk 0:00:40]} 40. Nxc5 {[%clk 0:44:46]} Bc6 {[%clk 0:31:00]} 41. Ne4
{[%clk 0:44:56]} Bd5 {[%clk 0:30:55]} 42. Kc3 {[%clk 0:44:51]} 1-0

[Event "World Chess Olympiad 2018"]
[Site "Batumi"]
[Date "2018.10.04"]
[Round "10"]
[Board "3"]
[WhiteFideId "22000089"]
[White "Salim Mohammed Salim Al Amri"]
[BlackFideId "6200184"]
[Black "Saeheng Boonsueb"]
[Result "1-0"]
[LiveChessVersion "1.4.8"]
[BlackElo "2163"]
[WhiteElo "1940"]

1. e4 {[%clk 1:30:57]} c5 {[%clk 1:30:57]} 2. Nf3 {[%clk 1:31:09]} d6
{[%clk 1:30:32]} 3. d4 {[%clk 1:31:31]} cxd4 {[%clk 1:30:53]} 4. Nxd4
{[%clk 1:31:52]} Nf6 {[%clk 1:31:13]} 5. Nc3 {[%clk 1:32:16]} a6 {[%clk 1:31:33]}
6. Bg5 {[%clk 1:32:34]} e6 {[%clk 1:31:36]} 7. Qf3 {[%clk 1:32:31]} Nbd7
{[%clk 1:28:13]} 8. O-O-O {[%clk 1:32:50]} Qc7 {[%clk 1:23:46]} 9. Bd3
{[%clk 1:32:33]} Be7 {[%clk 1:21:32]} 10. Qg3 {[%clk 1:31:07]} O-O
{[%clk 1:20:55]} 11. Rhe1 {[%clk 1:23:09]} b5 {[%clk 1:06:18]} 12. f4
{[%clk 1:09:30]} b4 {[%clk 1:06:18]} 13. Nd5 {[%clk 1:08:29]} exd5
{[%clk 1:02:14]} 14. Nf5 {[%clk 1:08:41]} Nc5 {[%clk 1:02:08]} 15. Nxe7+
{[%clk 1:06:48]} Qxe7 {[%clk 0:59:01]} 16. e5 {[%clk 1:04:52]} Nxd3+
{[%clk 0:54:30]} 17. Rxd3 {[%clk 1:03:23]} dxe5 {[%clk 0:46:28]} 18. fxe5
{[%clk 0:59:36]} Re8 {[%clk 0:46:42]} 19. Bxf6 {[%clk 0:59:06]} Qf8
{[%clk 0:47:06]} 20. Rxd5 {[%clk 0:57:56]} Bf5 {[%clk 0:45:27]} 21. Red1
{[%clk 0:47:04]} Rec8 {[%clk 0:44:40]} 22. R1d2 {[%clk 0:46:27]} Bg6
{[%clk 0:44:19]} 23. Bg5 {[%clk 0:46:20]} a5 {[%clk 0:44:22]} 24. Qh4
{[%clk 0:45:15]} Qe8 {[%clk 0:40:54]} 25. Qd4 {[%clk 0:36:02]} h6
{[%clk 0:38:11]} 26. Rd8 {[%clk 0:31:51]} Rxd8 {[%clk 0:36:13]} 27. Bxd8
{[%clk 0:32:17]} Qa4 {[%clk 0:36:19]} 28. Qc4 {[%clk 0:29:21]} Qe8
{[%clk 0:36:16]} 29. Qd5 {[%clk 0:28:33]} Rc8 {[%clk 0:34:10]} 30. Bxa5
{[%clk 0:16:15]} Qa4 {[%clk 0:31:37]} 31. c3 {[%clk 0:15:28]} Kh7
{[%clk 0:26:52]} 32. g3 {[%clk 0:12:53]} bxc3 {[%clk 0:21:22]} 33. Bxc3
{[%clk 0:12:57]} Rc4 {[%clk 0:21:07]} 34. e6 {[%clk 0:03:31]} Qxa2
{[%clk 0:19:53]} 35. Kd1 {[%clk 0:03:53]} Qb1+ {[%clk 0:17:19]} 36. Ke2
{[%clk 0:04:14]} Re4+ {[%clk 0:17:16]} 37. Kf2 {[%clk 0:04:06]} Qe1+
{[%clk 0:16:18]} 38. Kg2 {[%clk 0:01:45]} Rxe6 {[%clk 0:15:22]} 39. Qc4
{[%clk 0:00:51]} Be4+ {[%clk 0:10:31]} 40. Kh3 {[%clk 0:31:08]} Qe3
{[%clk 0:40:23]} 41. Qf1 {[%clk 0:25:59]} Re7 {[%clk 0:33:57]} 42. Qf4
{[%clk 0:22:58]} Qc5 {[%clk 0:31:16]} 43. Rf2 {[%clk 0:21:55]} Qd5
{[%clk 0:23:30]} 44. Qg4 {[%clk 0:21:07]} f5 {[%clk 0:22:15]} 45. Qf4
{[%clk 0:20:38]} g5 {[%clk 0:22:25]} 46. Qb8 {[%clk 0:20:36]} f4 {[%clk 0:19:41]}
47. Qh8+ {[%clk 0:18:41]} Kg6 {[%clk 0:19:53]} 48. Qf6+ {[%clk 0:19:04]} 1-0

[Event "World Chess Olympiad 2018"]
[Site "Batumi"]
[Date "2018.10.04"]
[Round "10"]
[Board "4"]
[WhiteFideId "6202268"]
[White "Pheephacharakan Pinatpong"]
[BlackFideId "22000062"]
[Black "Salim Issa Ali Shamas"]
[Result "0-1"]
[LiveChessVersion "1.4.8"]
[BlackElo "1885"]
[WhiteElo "1836"]

1. d4 {[%clk 1:30:41]} Nf6 {[%clk 1:30:45]} 2. Nc3 {[%clk 1:30:52]} d5
{[%clk 1:31:00]} 3. Bf4 {[%clk 1:31:10]} e6 {[%clk 1:31:06]} 4. e3
{[%clk 1:30:39]} Bd6 {[%clk 1:31:26]} 5. Bxd6 {[%clk 1:30:00]} Qxd6
{[%clk 1:31:40]} 6. Bd3 {[%clk 1:29:43]} c6 {[%clk 1:31:24]} 7. Nge2
{[%clk 1:25:26]} Nbd7 {[%clk 1:31:33]} 8. f4 {[%clk 1:11:02]} Ng4
{[%clk 1:31:13]} 9. Qd2 {[%clk 1:11:05]} f5 {[%clk 1:31:34]} 10. h3
{[%clk 1:10:05]} Ngf6 {[%clk 1:31:55]} 11. g4 {[%clk 1:05:12]} g6
{[%clk 1:32:14]} 12. O-O-O {[%clk 1:04:48]} b5 {[%clk 1:32:31]} 13. Rdg1
{[%clk 0:45:19]} Nb6 {[%clk 1:30:25]} 14. h4 {[%clk 0:42:06]} fxg4
{[%clk 1:29:07]} 15. h5 {[%clk 0:41:34]} Bd7 {[%clk 1:27:50]} 16. hxg6
{[%clk 0:33:40]} h5 {[%clk 1:28:05]} 17. e4 {[%clk 0:33:25]} b4 {[%clk 1:27:56]}
18. e5 {[%clk 0:21:31]} bxc3 {[%clk 1:23:18]} 19. Nxc3 {[%clk 0:21:54]} Qe7
{[%clk 1:23:08]} 20. exf6 {[%clk 0:21:50]} Qxf6 {[%clk 1:23:27]} 21. Qe3
{[%clk 0:21:41]} O-O-O {[%clk 1:22:38]} 22. b3 {[%clk 0:12:53]} Rdg8
{[%clk 1:22:33]} 23. a4 {[%clk 0:05:20]} Be8 {[%clk 1:22:45]} 24. a5
{[%clk 0:05:33]} Nd7 {[%clk 1:22:23]} 25. f5 {[%clk 0:03:04]} exf5
{[%clk 1:21:53]} 26. Qf4 {[%clk 0:03:03]} Rxg6 {[%clk 1:21:18]} 27. Qxf5
{[%clk 0:01:07]} Qxd4 {[%clk 1:19:17]} 28. Na4 {[%clk 0:00:34]} Rf6
{[%clk 1:18:39]} 29. Ba6+ {[%clk 0:00:34]} Kc7 {[%clk 1:18:57]} 30. Qd3
{[%clk 0:00:41]} Qxd3 {[%clk 1:19:07]} 31. Bxd3 {[%clk 0:01:04]} Rhf8
{[%clk 1:18:32]} 32. Nc3 {[%clk 0:00:57]} Nc5 {[%clk 1:18:15]} 33. Be2
{[%clk 0:01:11]} Rf2 {[%clk 1:18:28]} 34. Bd1 {[%clk 0:01:07]} d4
{[%clk 1:18:36]} 35. Nb1 {[%clk 0:01:01]} Bg6 {[%clk 1:18:26]} 36. Nd2
{[%clk 0:01:14]} d3 {[%clk 1:17:57]} 37. b4 {[%clk 0:00:33]} dxc2
{[%clk 1:17:05]} 38. bxc5 {[%clk 0:00:39]} cxd1=Q+ {[%clk 1:16:53]} 39. Rxd1
{[%clk 0:01:06]} R8f5 {[%clk 1:16:15]} 0-1

[Event "World Chess Olympiad 2018"]
[Site "Batumi"]
[Date "2018.10.04"]
[Round "10"]
[Board "1"]
[WhiteFideId "3301478"]
[White "Gemy Jose Daniel"]
[BlackFideId "8200084"]
[Black "Matoewi Roger"]
[Result "1-0"]
[LiveChessVersion "1.4.8"]
[BlackElo "2067"]
[WhiteElo "2400"]

1. e4 {[%clk 1:30:57]} c5 {[%clk 1:30:40]} 2. Nf3 {[%clk 1:31:23]} d6
{[%clk 1:31:05]} 3. c3 {[%clk 1:31:48]} Nf6 {[%clk 1:31:18]} 4. h3
{[%clk 1:32:14]} g6 {[%clk 1:31:03]} 5. Bd3 {[%clk 1:32:12]} Bg7 {[%clk 1:31:26]}
6. O-O {[%clk 1:32:38]} O-O {[%clk 1:31:51]} 7. Re1 {[%clk 1:33:04]} Nc6
{[%clk 1:31:47]} 8. Bf1 {[%clk 1:33:24]} e5 {[%clk 1:18:02]} 9. d3
{[%clk 1:33:23]} d5 {[%clk 1:17:37]} 10. Nbd2 {[%clk 1:33:13]} Qc7
{[%clk 1:14:44]} 11. a3 {[%clk 1:33:39]} b6 {[%clk 1:12:26]} 12. b4
{[%clk 1:33:55]} dxe4 {[%clk 1:11:20]} 13. dxe4 {[%clk 1:31:05]} h6
{[%clk 1:09:15]} 14. Nb3 {[%clk 1:29:26]} Rd8 {[%clk 1:05:54]} 15. Qc2
{[%clk 1:29:44]} Be6 {[%clk 1:05:57]} 16. bxc5 {[%clk 1:23:36]} Bxb3
{[%clk 1:05:57]} 17. Qxb3 {[%clk 1:24:01]} bxc5 {[%clk 1:06:21]} 18. Nd2
{[%clk 1:24:09]} Rab8 {[%clk 1:02:21]} 19. Qa4 {[%clk 1:23:50]} Nd7
{[%clk 0:57:03]} 20. Nc4 {[%clk 1:22:43]} Nb6 {[%clk 0:56:41]} 21. Qa6
{[%clk 1:19:52]} Nxc4 {[%clk 0:53:58]} 22. Bxc4 {[%clk 1:20:06]} Na5
{[%clk 0:54:09]} 23. Bd5 {[%clk 1:18:48]} Rd6 {[%clk 0:45:27]} 24. Qe2
{[%clk 1:14:30]} Nb3 {[%clk 0:43:57]} 25. Bxb3 {[%clk 1:13:34]} Rxb3
{[%clk 0:44:20]} 26. Qc4 {[%clk 1:13:50]} Rdb6 {[%clk 0:40:17]} 27. Be3
{[%clk 1:13:56]} Bf8 {[%clk 0:40:37]} 28. Red1 {[%clk 1:14:01]} Rb2
{[%clk 0:40:16]} 29. a4 {[%clk 1:13:20]} Rd6 {[%clk 0:35:26]} 30. Kh2
{[%clk 1:08:58]} Rxd1 {[%clk 0:31:37]} 31. Rxd1 {[%clk 1:09:17]} Rb6
{[%clk 0:30:48]} 32. Rd5 {[%clk 1:04:47]} Rc6 {[%clk 0:30:43]} 33. g3
{[%clk 1:05:10]} g5 {[%clk 0:25:04]} 34. Kg2 {[%clk 1:05:12]} Kh7
{[%clk 0:23:58]} 35. Qb5 {[%clk 0:43:46]} a6 {[%clk 0:23:23]} 36. Qc4
{[%clk 0:42:27]} Bd6 {[%clk 0:23:27]} 37. Qe2 {[%clk 0:36:57]} Bf8
{[%clk 0:14:17]} 38. Qh5 {[%clk 0:22:17]} Bg7 {[%clk 0:08:58]} 39. Bxg5
{[%clk 0:21:18]} Rd6 {[%clk 0:08:19]} 40. c4 {[%clk 0:44:04]} Rxd5
{[%clk 0:38:24]} 41. exd5 {[%clk 0:44:30]} Qd7 {[%clk 0:38:14]} 42. Be3
{[%clk 0:44:49]} Qxa4 {[%clk 0:37:43]} 43. Qf5+ {[%clk 0:44:55]} Kg8
{[%clk 0:38:00]} 44. Qc8+ {[%clk 0:45:19]} Kh7 {[%clk 0:38:20]} 45. Qxc5
{[%clk 0:45:06]} Qd1 {[%clk 0:36:28]} 46. Qa5 {[%clk 0:27:26]} f5
{[%clk 0:33:23]} 47. Qxa6 {[%clk 0:25:25]} Qd3 {[%clk 0:32:41]} 48. Qe6
{[%clk 0:25:25]} Qe4+ {[%clk 0:30:36]} 49. Kh2 {[%clk 0:24:59]} f4
{[%clk 0:28:16]} 50. gxf4 {[%clk 0:24:35]} Qxc4 {[%clk 0:28:39]} 51. f5
{[%clk 0:23:28]} Qh4 {[%clk 0:28:05]} 52. Qg6+ {[%clk 0:23:45]} Kh8
{[%clk 0:28:04]} 53. d6 {[%clk 0:23:27]} h5 {[%clk 0:26:38]} 54. Qg5
{[%clk 0:20:15]} Bf6 {[%clk 0:24:33]} 55. Qxh4 {[%clk 0:20:34]} Bxh4
{[%clk 0:24:54]} 56. Bb6 {[%clk 0:21:03]} 1-0

[Event "World Chess Olympiad 2018"]
[Site "Batumi"]
[Date "2018.10.04"]
[Round "10"]
[Board "2"]
[WhiteFideId "8200165"]
[White "Giasi Viresh"]
[BlackFideId "3303187"]
[Black "Aguilar Luis Miguel"]
[Result "1-0"]
[LiveChessVersion "1.4.8"]
[BlackElo "2203"]
[WhiteElo "2024"]

1. e4 {[%clk 1:30:56]} c5 {[%clk 1:30:52]} 2. Nf3 {[%clk 1:31:07]} g6
{[%clk 1:31:14]} 3. d4 {[%clk 1:29:54]} Bg7 {[%clk 1:31:28]} 4. c3
{[%clk 1:29:22]} cxd4 {[%clk 1:31:24]} 5. cxd4 {[%clk 1:29:46]} d5
{[%clk 1:31:49]} 6. e5 {[%clk 1:23:51]} Nc6 {[%clk 1:31:26]} 7. h3
{[%clk 1:23:49]} Bf5 {[%clk 1:30:40]} 8. Bd3 {[%clk 1:18:43]} Be4
{[%clk 1:25:08]} 9. Bb5 {[%clk 1:11:54]} Qb6 {[%clk 1:13:05]} 10. Bxc6+
{[%clk 1:12:05]} bxc6 {[%clk 1:13:22]} 11. Nbd2 {[%clk 0:59:41]} Bxf3
{[%clk 0:48:22]} 12. Nxf3 {[%clk 0:59:29]} e6 {[%clk 0:47:12]} 13. O-O
{[%clk 0:59:17]} Ne7 {[%clk 0:47:32]} 14. b3 {[%clk 0:50:22]} c5 {[%clk 0:32:13]}
15. dxc5 {[%clk 0:47:38]} Qxc5 {[%clk 0:32:31]} 16. Be3 {[%clk 0:45:21]} Qa5
{[%clk 0:32:15]} 17. a3 {[%clk 0:36:49]} O-O {[%clk 0:31:06]} 18. b4
{[%clk 0:36:56]} Qc7 {[%clk 0:28:25]} 19. Bc5 {[%clk 0:36:23]} Rfc8
{[%clk 0:20:46]} 20. Rc1 {[%clk 0:34:14]} Nc6 {[%clk 0:11:19]} 21. Bd6
{[%clk 0:33:07]} Qb6 {[%clk 0:11:06]} 22. Qd2 {[%clk 0:26:59]} a5
{[%clk 0:07:04]} 23. Rc5 {[%clk 0:21:45]} axb4 {[%clk 0:03:48]} 24. axb4
{[%clk 0:22:08]} f6 {[%clk 0:00:41]} 25. exf6 {[%clk 0:21:35]} Bxf6
{[%clk 0:01:04]} 26. Qf4 {[%clk 0:21:05]} Bg7 {[%clk 0:00:55]} 27. Rfc1
{[%clk 0:19:37]} Qb7 {[%clk 0:00:38]} 28. b5 {[%clk 0:18:10]} Nd8
{[%clk 0:00:53]} 29. Rc7 {[%clk 0:17:54]} e5 {[%clk 0:00:32]} 30. Nxe5
{[%clk 0:17:52]} Rxc7 {[%clk 0:00:33]} 31. Rxc7 {[%clk 0:18:20]} Ra1+
{[%clk 0:00:31]} 32. Kh2 {[%clk 0:18:43]} g5 {[%clk 0:00:31]} 33. Qf5
{[%clk 0:16:32]} 1-0

[Event "World Chess Olympiad 2018"]
[Site "Batumi"]
[Date "2018.10.04"]
[Round "10"]
[Board "3"]
[WhiteFideId "3303144"]
[White "Pinto Daniel"]
[BlackFideId "8200041"]
[Black "Gajadin Dewperkash"]
[Result "0-1"]
[LiveChessVersion "1.4.8"]
[BlackElo "2010"]
[WhiteElo "2131"]

1. Nf3 {[%clk 1:30:54]} Nf6 {[%clk 1:30:20]} 2. c4 {[%clk 1:31:19]} c5
{[%clk 1:30:25]} 3. g3 {[%clk 1:31:19]} Nc6 {[%clk 1:28:24]} 4. Bg2
{[%clk 1:31:42]} d5 {[%clk 1:27:48]} 5. O-O {[%clk 1:32:03]} e5 {[%clk 1:26:48]}
6. d3 {[%clk 1:31:17]} Be7 {[%clk 1:25:14]} 7. Nbd2 {[%clk 1:28:03]} O-O
{[%clk 1:19:16]} 8. a3 {[%clk 1:25:13]} Rb8 {[%clk 1:12:23]} 9. cxd5
{[%clk 1:20:15]} Nxd5 {[%clk 1:12:35]} 10. Nc4 {[%clk 1:19:30]} f6
{[%clk 1:08:42]} 11. Ne3 {[%clk 1:19:26]} Be6 {[%clk 1:07:12]} 12. Ne1
{[%clk 1:12:59]} Nd4 {[%clk 1:04:09]} 13. Nxd5 {[%clk 0:57:23]} Bxd5
{[%clk 1:04:15]} 14. e3 {[%clk 0:57:40]} Nc6 {[%clk 0:49:31]} 15. e4
{[%clk 0:45:09]} Be6 {[%clk 0:45:00]} 16. Be3 {[%clk 0:45:04]} Qd7
{[%clk 0:38:15]} 17. f4 {[%clk 0:36:57]} g6 {[%clk 0:36:09]} 18. Kh1
{[%clk 0:24:25]} Rbd8 {[%clk 0:34:48]} 19. Qe2 {[%clk 0:20:51]} b6
{[%clk 0:30:26]} 20. f5 {[%clk 0:18:11]} gxf5 {[%clk 0:23:28]} 21. exf5
{[%clk 0:18:15]} Bd5 {[%clk 0:23:27]} 22. Bh6 {[%clk 0:18:25]} Bxg2+
{[%clk 0:22:45]} 23. Nxg2 {[%clk 0:18:47]} Rf7 {[%clk 0:21:52]} 24. Qg4+
{[%clk 0:16:08]} Kh8 {[%clk 0:21:22]} 25. Qh5 {[%clk 0:15:37]} Bf8
{[%clk 0:19:04]} 26. Be3 {[%clk 0:15:53]} Rg7 {[%clk 0:16:20]} 27. Rac1
{[%clk 0:14:15]} a5 {[%clk 0:11:18]} 28. Rcd1 {[%clk 0:06:24]} Qf7
{[%clk 0:10:00]} 29. Qh3 {[%clk 0:05:53]} Qb3 {[%clk 0:06:50]} 30. Bh6
{[%clk 0:04:27]} Rgd7 {[%clk 0:05:34]} 31. Bxf8 {[%clk 0:02:27]} Rxf8
{[%clk 0:05:42]} 32. Rde1 {[%clk 0:01:32]} Rxd3 {[%clk 0:03:46]} 33. Qh6
{[%clk 0:01:45]} Qf7 {[%clk 0:03:15]} 34. Re4 {[%clk 0:01:38]} Rd4
{[%clk 0:03:15]} 35. Rfe1 {[%clk 0:01:04]} Rfd8 {[%clk 0:02:35]} 36. Nh4
{[%clk 0:00:48]} Kg8 {[%clk 0:01:54]} 37. Nf3 {[%clk 0:00:51]} Rxe4
{[%clk 0:01:20]} 38. Rxe4 {[%clk 0:01:19]} Ne7 {[%clk 0:01:21]} 39. Kg2
{[%clk 0:01:11]} Nxf5 {[%clk 0:01:11]} 40. Qc1 {[%clk 0:30:40]} Kh8
{[%clk 0:30:58]} 41. g4 {[%clk 0:29:26]} Qd5 {[%clk 0:29:15]} 42. Qe1
{[%clk 0:29:19]} Nd6 {[%clk 0:26:11]} 43. Re2 {[%clk 0:29:06]} e4
{[%clk 0:23:29]} 44. Nd2 {[%clk 0:29:29]} Re8 {[%clk 0:23:11]} 45. Qh4
{[%clk 0:29:53]} Qg5 {[%clk 0:22:08]} 46. Qg3 {[%clk 0:29:39]} Qe5
{[%clk 0:22:20]} 47. Qb3 {[%clk 0:29:03]} b5 {[%clk 0:21:54]} 48. a4
{[%clk 0:29:24]} b4 {[%clk 0:21:04]} 49. Qg3 {[%clk 0:28:37]} Qxg3+
{[%clk 0:21:13]} 50. Kxg3 {[%clk 0:29:01]} c4 {[%clk 0:18:48]} 51. Kf4
{[%clk 0:29:24]} Kg7 {[%clk 0:18:54]} 52. Nf1 {[%clk 0:29:13]} Kf7
{[%clk 0:14:43]} 53. Ne3 {[%clk 0:29:34]} Rc8 {[%clk 0:13:41]} 54. Rd2
{[%clk 0:28:26]} Ke6 {[%clk 0:13:08]} 55. Nf5 {[%clk 0:22:56]} Nxf5
{[%clk 0:08:12]} 56. gxf5+ {[%clk 0:23:14]} Ke7 {[%clk 0:08:33]} 57. Kxe4
{[%clk 0:23:39]} c3 {[%clk 0:08:16]} 58. bxc3 {[%clk 0:24:04]} bxc3
{[%clk 0:07:45]} 59. Rc2 {[%clk 0:24:33]} Kd6 {[%clk 0:08:04]} 60. Kd3
{[%clk 0:22:36]} Ke5 {[%clk 0:07:54]} 61. Re2+ {[%clk 0:20:50]} Kxf5
{[%clk 0:07:49]} 62. Kc2 {[%clk 0:21:15]} h5 {[%clk 0:06:40]} 63. Rf2+
{[%clk 0:21:23]} Ke5 {[%clk 0:06:40]} 64. Re2+ {[%clk 0:21:48]} Kd6
{[%clk 0:05:46]} 65. Rf2 {[%clk 0:22:16]} Ke6 {[%clk 0:06:08]} 66. Re2+
{[%clk 0:22:42]} Kf7 {[%clk 0:06:26]} 67. Rf2 {[%clk 0:22:53]} Rc5
{[%clk 0:06:41]} 68. Rg2 {[%clk 0:23:18]} Ke6 {[%clk 0:06:00]} 69. Re2+
{[%clk 0:23:42]} Kf7 {[%clk 0:04:24]} 70. Rg2 {[%clk 0:23:48]} Rc4
{[%clk 0:04:18]} 71. Rf2 {[%clk 0:23:47]} h4 {[%clk 0:03:42]} 72. Rf5
{[%clk 0:23:44]} Rxa4 {[%clk 0:03:40]} 73. Kxc3 {[%clk 0:24:13]} Ra2
{[%clk 0:03:42]} 74. Kd4 {[%clk 0:22:15]} Kg6 {[%clk 0:03:28]} 75. Rb5
{[%clk 0:22:37]} Rxh2 {[%clk 0:03:36]} 76. Rxa5 {[%clk 0:23:02]} Re2
{[%clk 0:03:47]} 77. Ra8 {[%clk 0:22:34]} Kg5 {[%clk 0:03:43]} 78. Rg8+
{[%clk 0:22:58]} Kf4 {[%clk 0:03:27]} 79. Rh8 {[%clk 0:22:11]} Kg3
{[%clk 0:03:22]} 80. Rg8+ {[%clk 0:22:25]} Kh2 {[%clk 0:03:12]} 81. Kd3
{[%clk 0:22:44]} Re6 {[%clk 0:03:12]} 82. Rh8 {[%clk 0:23:01]} h3
{[%clk 0:03:09]} 83. Rh6 {[%clk 0:23:27]} Kg3 {[%clk 0:02:39]} 84. Rg6+
{[%clk 0:23:56]} Kf3 {[%clk 0:02:53]} 85. Rh6 {[%clk 0:24:22]} Rd6+
{[%clk 0:02:57]} 86. Kc2 {[%clk 0:24:47]} Kg2 {[%clk 0:03:12]} 87. Rg6+
{[%clk 0:25:08]} Kh1 {[%clk 0:03:40]} 88. Rh6 {[%clk 0:25:27]} h2
{[%clk 0:04:07]} 89. Rg6 {[%clk 0:25:51]} Ra6 {[%clk 0:03:27]} 90. Kd1
{[%clk 0:26:14]} Ra1+ {[%clk 0:03:06]} 91. Ke2 {[%clk 0:26:37]} Rg1
{[%clk 0:01:54]} 92. Rxf6 {[%clk 0:24:53]} Kg2 {[%clk 0:02:10]} 93. Rg6+
{[%clk 0:24:41]} Kh3 {[%clk 0:02:24]} 94. Rh6+ {[%clk 0:25:01]} Kg3
{[%clk 0:02:34]} 0-1

[Event "World Chess Olympiad 2018"]
[Site "Batumi"]
[Date "2018.10.04"]
[Round "10"]
[Board "4"]
[WhiteFideId "8200211"]
[White "Sanches Casanova Romario"]
[BlackFideId "3302105"]
[Black "Rozo Paulo"]
[Result "0-1"]
[LiveChessVersion "1.4.8"]
[BlackElo "2157"]
[WhiteElo "2029"]

1. e4 {[%clk 1:30:57]} e5 {[%clk 1:30:53]} 2. Bc4 {[%clk 1:31:22]} Nf6
{[%clk 1:31:04]} 3. d3 {[%clk 1:31:50]} Nc6 {[%clk 1:31:13]} 4. Nc3
{[%clk 1:32:06]} Bc5 {[%clk 1:29:50]} 5. f4 {[%clk 1:30:55]} exf4
{[%clk 1:20:46]} 6. Bxf4 {[%clk 1:29:19]} O-O {[%clk 1:19:56]} 7. Nf3
{[%clk 1:29:04]} Re8 {[%clk 1:11:28]} 8. Bg5 {[%clk 1:19:48]} b5 {[%clk 0:51:18]}
9. Bb3 {[%clk 1:13:45]} Nd4 {[%clk 0:47:53]} 10. Nxd4 {[%clk 1:00:39]} Bxd4
{[%clk 0:48:10]} 11. Qf3 {[%clk 1:00:06]} h6 {[%clk 0:37:42]} 12. Bh4
{[%clk 0:58:28]} c6 {[%clk 0:34:18]} 13. Ne2 {[%clk 0:54:30]} Bxb2
{[%clk 0:29:17]} 14. Rb1 {[%clk 0:54:58]} Ba3 {[%clk 0:15:21]} 15. O-O
{[%clk 0:53:17]} d5 {[%clk 0:14:57]} 16. Bxf6 {[%clk 0:24:49]} Qxf6
{[%clk 0:15:10]} 17. Qxf6 {[%clk 0:22:31]} gxf6 {[%clk 0:15:38]} 18. Ng3
{[%clk 0:22:44]} Be6 {[%clk 0:14:07]} 19. Nh5 {[%clk 0:21:37]} Bc5+
{[%clk 0:11:48]} 20. Kh1 {[%clk 0:22:06]} Bd4 {[%clk 0:11:57]} 21. Nxf6+
{[%clk 0:17:27]} Bxf6 {[%clk 0:12:22]} 22. Rxf6 {[%clk 0:17:52]} Kg7
{[%clk 0:05:31]} 23. Rbf1 {[%clk 0:17:50]} a5 {[%clk 0:04:55]} 24. a4
{[%clk 0:17:01]} bxa4 {[%clk 0:04:34]} 25. Bxa4 {[%clk 0:17:21]} Rec8
{[%clk 0:04:36]} 26. e5 {[%clk 0:12:46]} Rab8 {[%clk 0:04:47]} 27. h3
{[%clk 0:12:37]} Rb4 {[%clk 0:04:58]} 28. Ra1 {[%clk 0:12:44]} d4
{[%clk 0:02:25]} 29. Rff1 {[%clk 0:12:05]} Rc7 {[%clk 0:01:27]} 30. Rfb1
{[%clk 0:09:49]} c5 {[%clk 0:01:20]} 31. Bb3 {[%clk 0:05:04]} Ra7
{[%clk 0:01:39]} 32. Bxe6 {[%clk 0:02:24]} fxe6 {[%clk 0:02:04]} 33. Rxb4
{[%clk 0:01:58]} cxb4 {[%clk 0:02:32]} 34. g4 {[%clk 0:01:49]} a4
{[%clk 0:00:47]} 35. Kg2 {[%clk 0:02:10]} a3 {[%clk 0:00:51]} 36. Kf3
{[%clk 0:02:08]} Rc7 {[%clk 0:01:06]} 37. Ra2 {[%clk 0:00:38]} Rxc2
{[%clk 0:01:17]} 38. Rxc2 {[%clk 0:00:38]} b3 {[%clk 0:01:45]} 39. Rc7+
{[%clk 0:00:53]} Kf8 {[%clk 0:02:14]} 40. Rb7 {[%clk 0:30:44]} b2
{[%clk 0:32:41]} 41. Kg3 {[%clk 0:23:21]} a2 42. Rxb2 {[%clk 0:23:45]} a1=Q
{[%clk 0:32:59]} 43. Rf2+ {[%clk 0:22:57]} Kg7 {[%clk 0:33:07]} 44. Rf3
{[%clk 0:22:59]} Qe1+ {[%clk 0:33:09]} 45. Kf4 {[%clk 0:22:57]} Kg6
{[%clk 0:33:20]} 46. g5 {[%clk 0:18:37]} hxg5+ {[%clk 0:32:49]} 0-1